000 01564nam a2200457 c 4500
001 52848
003 ES-MaCES
005 20251115040005.0
008 230828s2023 sp 000 | spa d
017 _aAB 21-2023
_bDL
020 _a9788419574053
040 _aES-MaCES
_bspa
_cES-MaCES
100 1 _916157
_aLandáburu Carracedo, María José
245 1 0 _aDerechos fundamentales, estado social y trabajo autónomo
_cMaría José Landaburu Carracedo ; pr. de Antonio Baylos Grau
250 _a1ª ed
260 _aAlbacete
_bBomarzo
_c2023
300 _a407 p.
_c24 cm
490 1 _aColección Estudios
504 _aBibliografía: p. 149-152
541 _cCompra
650 4 _atrabajo a cuenta propia
_930170
650 4 _atrabajador independiente
_928412
650 4 _anuevas tecnologías
_930788
650 4 _atecnología de la información
_930104
650 4 _aeconomía colaborativa
_937923
650 4 _arelaciones laborales
_928369
650 4 _aderechos de los trabajadores
_929924
650 4 _aderecho al trabajo
_929351
650 4 _aprotección social
_929076
650 4 _aEstado-Benefactor
_929481
650 4 _aderecho del trabajo
_927165
650 4 _aderecho constitucional
_927158
650 4 _aderecho comunitario
_929866
650 4 _aEspaña
_926964
650 4 _arégimen jurídico
_929894
653 1 0 _aDerecho del trabajo y Seguridad Social
700 1 _97303
_aBaylos Grau, Antonio
_ecol.
830 0 _aColección Estudios (Editorial Bomarzo)
_939568
902 _aLIB Libro
942 _2CES
_cBK
_h6.0.1.
999 _c52848
_d52848